Guess the 1960s song lyrics #255 - Statistics

General Stats
  • This quiz has been taken 35 times
  • The average score is 129 of 186
Answer Stats
Answer % Correct
I
89%
the
89%
The
89%
you
89%
and
86%
to
82%
be
75%
me
75%
on
75%
time
75%
want
75%
all
71%
All
71%
with
71%
day
68%
is
68%
night
68%
of
68%
your
68%
by
61%
in
61%
Oh
61%
that
61%
forever
54%
Girl
54%
I'm
54%
Kinks
54%
only
54%
right
54%
side
54%
feel
46%
yeah
46%
not
43%
last
39%
believe
32%
never
32%
yours
29%
daytime
25%
leave
25%
come
18%
content
14%
No matching quizzes found
Score Distribution
Percent of People with Each Score
Percentile by Number Answered
Your Score History
You have not taken this quiz